Who Was On The Madden NFL Covers Since 2000 - Statistics

General Stats
  • This quiz has been taken 1,248 times
  • The average score is 8 of 14
Answer Stats
Game Player/Person % Correct
Madden 2000 John Madden
80%
Madden 13 Calvin Johnson
74%
Madden 2004 Michael Vick
68%
Madden 10 Troy Polamalu & Larry Fitzgerald
66%
Madden 11 Drew Brees
65%
Madden 12 Peyton Hillis
62%
Madden 09 Brett Favre
54%
Madden 2005 Ray Lewis
52%
Madden 07 Shaun Alexander
48%
Madden 08 Vince Young
45%
Madden 06 Donovan McNabb
43%
Madden 2003 Marshall Faulk
41%
Madden 2001 Eddie George
34%
Madden 2002 Daunte Culpepper
31%
No matching quizzes found
Score Distribution
Percent of People with Each Score
Percentile by Number Answered
Your Score History
You have not taken this quiz